عرض عادي
عرض مارك
- Bryan, R. Nick
مدخل إسم شخص
001 - رقم الضبط
- حقل الضبط: 13818
003 - معرف رقم الضبط
- حقل الضبط: OSt
005 - تاريخ ووقت أخر عملية
- حقل الضبط: 20120513015249.0
008 - عناصر بيانات ثابتة الطول
- حقل تحكم ثابت الطول: 120513|||a|||||| | ||| d
040 ## - مصدر الفهرسة
- هيئة الفهرسة الأصلية: OSt
- وكالة الكتابة: OSt
100 ## - مدخل -- أسم شخص
- إسم شخص: Bryan, R. Nick
- الشكل الكامل للاسم: (Robert Nick),
- تواريخ مرتبطة بالاسم: 1944-
670 ## - بيانات المصدر موجوده
- الاستشهاد بالمصدر: Work cat.: (OSt)24286: Introduction to the science of medical imaging /, c2010.
